|
|
|
|
| LEADER |
00000nab a2200000 a 4500 |
| 001 |
vtls001004602 |
| 003 |
SK-MaSNL |
| 005 |
20260426063428.0 |
| 008 |
040720e19980623xo 0 slo |
| 035 |
|
|
|a RV5202
|
| 040 |
|
|
|a RVGKPD
|b slo
|c RVGKPD
|e AACR2
|
| 041 |
0 |
|
|a slo
|
| 044 |
|
|
|a xo
|c SK
|
| 080 |
|
|
|a 796.85
|2 1981
|
| 100 |
1 |
|
|a Krčka, M.
|4 aut
|9 1024522
|
| 245 |
1 |
0 |
|a Zápasy mladých karatistov
|
| 518 |
|
|
|a jún 1998
|
| 611 |
1 |
7 |
|a Európsky pohár
|2 RVGKPD
|9 1016521
|
| 650 |
0 |
7 |
|a karate
|2 RVGKPD
|9 3275
|
| 651 |
|
7 |
|a Bratislava (Slovensko)
|2 RVGKPD
|9 14568
|
| 651 |
|
7 |
|a Rožňava (Slovensko)
|2 RVGKPD
|9 17394
|
| 773 |
0 |
8 |
|t Zora Gemera
|g Roč. 6, č.25, 23.6.1998, s. 7
|
| 852 |
|
|
|a ZVYKNI
|b KIS3GCP
|
| 999 |
|
|
|c 2555983
|d 2557913
|